000 00698nam a2200253 i 4500
001 C2-0335484
003 PPAK
005 20180728134905.0
008 160113s2007 my a|||| ||||| | may d
020 _a9789833700004
040 _aPPAK
_beng
_cPPAK
_erda
082 0 4 _a499.2386
_223
090 0 0 _a499.2386
_bIKH
_dK
100 0 _aIkhmi Hawani,
_eauthor
245 1 0 _aJanji membawa padah
264 1 _aPahang :
_bMutiara Ilmu ,
_c2007
300 _av, 80 pages :
_bcolour illustrations ;
_c21 cm
336 _2rdacontent
_atext
337 _2rdamedia
_aunmediated
338 _2rdacarrier
_avolume
500 _aIncludes glossary
650 1 0 _aMalay language - Readers.
942 _ddc
_cB
999 _c133654
_d133654